000 00937nam a22003137a 4500
003 CHAP
005 20220329135531.0
008 971013s1969 r 00010 d
010 _a38114
011 _a39086
035 _a43206
040 _cCHAP
082 _a863
_bM5
100 0 0 _aMiravitlles, Luis.
_976132
245 _aVisado para el futuro
260 _a(s.l.) :
_bSalvat,
_c1969
300 _a186 p.
_b; láms
490 _aBiblioteca básica Salvat
_v; 28
590 _aBATCH-UPD
_b10
_c20130110
_lUCH01
_h0232
590 _aBATCH-UPD
_b10
_c20130110
_lUCH01
_h0856
590 _aBATCH-UPD
_b10
_c20130409
_lUCH01
_h2256
590 _aBATCH-UPD
_b10
_c20130914
_lUCH01
_h0617
590 _aCONVERSION
_b10
_c20130109
_lUCH01
_h1321
650 1 4 _aCiencia ficción.
_923145
830 0 _aBiblioteca básica Salvat
_v; 28
_912248
901 _aBK
942 _cLIBRO
949 _a863 M5
_bBC
_cLIBRO
_d-99162
_eLIBRO
_h42204
_i43206
_mD
_si
999 _c38114
_d38114